000 00761cam a2200217 a 4500
020 _a0899081908 (lib.)
020 _a0899081657 (pbk.)
040 _cDLC
082 0 0 _a362 GRE 1992 A014 Or.
245 0 0 _aAIDS :
_bopposing viewpoints /
260 _aSan Diego, CA :
_bGreenhaven Press,
_cc1992.
300 _a215 p. :
_bill. ;
_c23 cm.
490 1 _aOpposing viewpoints series
520 _aIncludes articles that present different viewpoints on such aspects of AIDS as the seriousness of the problem, moral issues, prevention, and treatment. Includes critical thinking activities.
650 0 _aAIDS (Disease)
650 1 _aAIDS (Disease)
650 1 _aCritical thinking.
700 1 _aBiskup, Michael D.,
700 1 _aSwisher, Karin,
942 _cEK
999 _c12938
_d12938